Kyrgyzstan City Quiz - Statistics

General Stats
  • This quiz has been taken 37 times
  • The average score is 3 of 5
Answer Stats
City % Correct
Bishkek
100%
Osh
84%
Jalal-Abad
65%
Karakol
58%
Tokmok
29%
No matching quizzes found
Score Distribution
Percent of People with Each Score
Percentile by Number Answered
Your Score History
You have not taken this quiz